00981nam a2200265Ia 450000500170000000800410001702000180005808200210007610000280009724501180012525000210024330000620026450000340032665000280036065000360038865000380042465000380046270000320050070000280053226400320056033600270059233700330061933800280065204000350068020220317001408.0161108s2003 sp ao g 000 0 spa  a978843422464304aR 580.0223bC82a1 aCuerda Quintana, Joseph10aAtlas básico de botánicactextos de Josep Cuerda ; ilustraciones de Archivo Parramón, A, Martinez, J.Torres aOctava edición a96 páginasbilustraciones, fotografías a colorc28 cm aIncluye índice alfabético142LEMBaBotánicavAtlas142LEMBaAnatomía vegetalvAtlas142LEMBaFisiología vegetalvAtlas142LEMB aTaxonomía vegetalvAtlas1 aMartínez, A.eilustrador 1 aTorres, J.eilustrador  aBarcelonabParramónc2003 atextobtxt2rdacontent asin mediaciónbn2rdamedia avolumenbnc2rdacarrier aCO-BoRNBPbspaerdacCO-BoRNBP